Guyton and Hall Textbook of Medical Physiology (Record no. 350908)
[ view plain ]
| 000 -LEADER | |
|---|---|
| fixed length control field | 00326nam a2200121Ia 4500 |
| 008 - FIXED-LENGTH DATA ELEMENTS--GENERAL INFORMATION | |
| fixed length control field | 171211s9999 xx 000 0 und d |
| 020 ## - INTERNATIONAL STANDARD BOOK NUMBER | |
| International Standard Book Number | 8888816000047 |
| 100 ## - MAIN ENTRY--PERSONAL NAME | |
| Personal name | Hall, John E. |
| 245 ## - TITLE STATEMENT | |
| Title | Guyton and Hall Textbook of Medical Physiology |
| 250 ## - EDITION STATEMENT | |
| Edition statement | 13th Edition |
| 260 ## - PUBLICATION, DISTRIBUTION, ETC. (IMPRINT) | |
| Name of publisher, distributor, etc | Elsevier, Inc. |
| Date of publication, distribution, etc | 2016 |
| 300 ## - PHYSICAL DESCRIPTION | |
| Extent | 1145 pages |
| Withdrawn status | Lost status | Source of classification or shelving scheme | Damaged status | Home library | Current library | Shelving location | Date acquired | Source of acquisition | Total Checkouts | Full call number | Barcode | Date last seen | Price effective from | Koha item type |
|---|---|---|---|---|---|---|---|---|---|---|---|---|---|---|
| Library of Congress Classification | South SEED-LPDH College Library | South SEED-LPDH College Library | South SEED-LPDH College Section | 12/11/2017 | Library Fund | QP 34.5 .H143 2016 | SSLC1552 | 05/15/2018 | 12/11/2017 | Books |